Lataa...

Aesthetic Theory And Art

Bibliografiset tiedot
Päätekijä: Rajan k ghosh
Aineistotyyppi: Printed Book
Julkaistu: Delhi; Anjana Pubications; 1979
Aiheet:
LEADER 00449nam a22001337a 4500
082 |a 700  |b RAJ/A 
100 |a Rajan k ghosh  |9 312524 
245 |a Aesthetic Theory And Art 
260 |a Delhi;  |b Anjana Pubications;  |c 1979 
300 |a 152 
650 |a English; Art Aesthetics  |9 318260 
942 |c BK 
999 |c 76287  |d 76287 
952 |0 0  |1 0  |4 0  |6 700_000000000000000_RAJ_A  |7 0  |8 Art  |9 89578  |a MAL  |b MAL  |d 2017-04-01  |e 25945  |l 0  |o 700 RAJ/A  |p MAL025945  |r 2017-04-01  |t 1  |w 2017-04-01  |y BK